| 000 | 00608nam a22002177a 4500 | ||
|---|---|---|---|
| 003 | OSt | ||
| 005 | 20160630152503.0 | ||
| 008 | 160630b xxu||||| |||| 00| 0 eng d | ||
| 020 | _a14462710 | ||
| 020 | _a0908185472 | ||
| 040 | _cDNLM. | ||
| 082 | _aQV738A71s 2002. | ||
| 100 |
_aPharmaceutical Society of Austraria. _99816 |
||
| 245 | _aAustralian Pharmaceutical Formulary and Handbook: | ||
| 250 | _a18th ed. | ||
| 260 |
_aAustralia. _bPharmaceutical Society of Australia. _c2002. |
||
| 300 |
_a636p; _bill; _c26cm. |
||
| 504 | _aincludes index. | ||
| 650 |
_aPharmacology. _9357 |
||
| 942 |
_2z _cO_SHELF |
||
| 999 |
_c4577 _d4577 |
||